[Event "2023 Welsh Championship"]
[Site "Cardiff"]
[Date "2023.04.10"]
[Round "7"]
[Board "6"]
[White "Pleasants, Allan J"]
[Black "Bullen, Alex"]
[Result "1/2-1/2"]
[WhiteElo "1975"]
[BlackElo "2157"]
[PlyCount "0"]
[EventDate "2023.04.07"]
[EventRounds "7"]
[EventCountry "WLS"]

1. Nf3 {[%clk 01:28:23]} {[%emt 00:02:36]} d5 {[%clk 01:30:52]} {[%emt
00:00:08]} 2. d4 {[%emt 00:00:33]} Nf6 {[%emt 00:00:06]} 3. e3 {[%clk
01:28:01]} {[%emt 00:00:13]} c5 {[%clk 01:31:15]} {[%emt 00:00:07]} 4. b3
{[%clk 01:28:17]} {[%emt 00:00:15]} cxd4 {[%clk 01:31:15]} {[%emt 00:00:30]} 5.
exd4 {[%clk 01:27:53]} {[%emt 00:00:54]} Bg4 {[%clk 01:30:34]} {[%emt
00:01:10]} 6. Be2 {[%clk 01:27:24]} {[%emt 00:00:58]} Nc6 {[%clk 01:30:34]}
{[%emt 00:00:30]} 7. O-O {[%clk 01:27:25]} {[%emt 00:00:29]} e6 {[%clk
01:29:12]} {[%emt 00:01:51]} 8. h3 {[%clk 01:26:20]} {[%emt 00:01:37]} Bh5
{[%clk 01:29:05]} {[%emt 00:00:37]} 9. Bb2 {[%clk 01:24:42]} {[%emt 00:02:08]}
Bd6 {[%clk 01:28:16]} {[%emt 00:01:18]} 10. c4 {[%clk 01:20:43]} {[%emt
00:04:30]} Rc8 {[%clk 01:27:17]} {[%emt 00:01:28]} 11. Nbd2 {[%clk 01:17:31]}
{[%emt 00:03:42]} O-O {[%clk 01:25:06]} {[%emt 00:02:39]} 12. Ne5 {[%clk
01:11:28]} {[%emt 00:06:34]} Bg6 {[%clk 01:21:18]} {[%emt 00:04:18]} 13. Nxg6
{[%clk 01:02:15]} {[%emt 00:09:44]} hxg6 {[%clk 01:21:40]} {[%emt 00:00:07]} 14.
Rc1 {[%clk 01:00:00]} {[%emt 00:02:46]} Bf4 {[%clk 01:18:31]} {[%emt 00:03:39]}
15. g3 {[%clk 00:58:42]} {[%emt 00:01:48]} Bb8 {[%clk 01:14:00]} {[%emt
00:05:01]} 16. Re1 {[%clk 00:46:02]} {[%emt 00:13:10]} dxc4 {[%clk 01:12:30]}
{[%emt 00:02:00]} 17. Nxc4 {[%clk 00:46:14]} {[%emt 00:00:18]} Nd5 {[%clk
01:12:25]} {[%emt 00:00:34]} 18. Bf1 {[%clk 00:43:42]} {[%emt 00:03:03]} Qg5
{[%clk 01:05:20]} {[%emt 00:07:36]} 19. Ne5 {[%clk 00:35:50]} {[%emt 00:08:22]}
Rfd8 {[%clk 01:00:09]} {[%emt 00:05:41]} 20. h4 {[%clk 00:31:21]} {[%emt
00:04:59]} Qe7 {[%clk 00:50:54]} {[%emt 00:09:44]} 21. Qf3 {[%clk 00:29:17]}
{[%emt 00:02:34]} Qf6 {[%clk 00:50:49]} {[%emt 00:00:34]} 22. Qe2 {[%clk
00:23:53]} {[%emt 00:05:54]} a6 {[%clk 00:43:27]} {[%emt 00:07:53]} 23. Nxc6
{[%clk 00:18:18]} {[%emt 00:06:05]} bxc6 {[%clk 00:43:50]} {[%emt 00:00:07]} 24.
Qxa6 {[%clk 00:18:14]} {[%emt 00:00:34]} c5 {[%clk 00:43:31]} {[%emt 00:00:48]}
25. Bg2 {[%clk 00:16:36]} {[%emt 00:02:09]} Nb4 {[%clk 00:42:58]} {[%emt
00:01:03]} 26. Qb5 {[%clk 00:16:05]} {[%emt 00:01:00]} Ba7 {[%clk 00:38:23]}
{[%emt 00:05:05]} 27. a3 {[%clk 00:12:39]} {[%emt 00:03:57]} Nd5 {[%clk
00:38:34]} {[%emt 00:00:19]} 28. Qa6 {[%clk 00:10:49]} {[%emt 00:02:20]} Ra8
{[%clk 00:38:03]} {[%emt 00:01:00]} 29. Rcd1 {[%clk 00:06:49]} {[%emt
00:04:31]} cxd4 {[%clk 00:37:11]} {[%emt 00:01:22]} 30. Qd3 {[%clk 00:06:31]}
{[%emt 00:00:48]} Rab8 {[%clk 00:32:07]} {[%emt 00:05:34]} 31. b4 {[%clk
00:06:17]} {[%emt 00:00:44]} Nc3 {[%clk 00:29:30]} {[%emt 00:03:07]} 32. Rc1
{[%clk 00:06:08]} {[%emt 00:00:39]} e5 {[%clk 00:28:05]} {[%emt 00:01:55]} 33.
Rf1 {[%clk 00:04:59]} {[%emt 00:01:40]} Rbc8 {[%clk 00:25:48]} {[%emt
00:02:47]} 34. Rc2 {[%clk 00:05:13]} {[%emt 00:00:16]} Na4 {[%clk 00:24:28]}
{[%emt 00:01:49]} 35. Ba1 {[%clk 00:04:57]} {[%emt 00:00:46]} Nc3 {[%clk
00:21:35]} {[%emt 00:03:22]} 36. b5 {[%clk 00:04:41]} {[%emt 00:00:47]} Qe7
{[%clk 00:18:22]} {[%emt 00:03:43]} 37. Bc6 {[%clk 00:03:01]} {[%emt 00:02:09]}
e4 {[%clk 00:14:46]} {[%emt 00:04:06]} 38. Qc4 {[%clk 00:03:26]} {[%emt
00:00:06]} e3 {[%clk 00:12:58]} {[%emt 00:02:17]} 39. Qd3 {[%clk 00:03:21]}
{[%emt 00:00:35]} Bb8 {[%clk 00:10:10]} {[%emt 00:03:18]} 40. Bxc3 {[%clk
00:02:57]} {[%emt 00:00:53]} exf2+ {[%clk 00:07:50]} {[%emt 00:02:51]} 41. Kg2
{[%clk 00:01:00]} {[%emt 00:02:27]} dxc3 {[%clk 00:05:56]} {[%emt 00:02:24]} 42.
Qxc3 {[%clk 00:30:17]} {[%emt 00:01:13]} Ba7 {[%clk 00:34:57]} {[%emt
00:01:29]} 43. a4 {[%clk 00:28:07]} {[%emt 00:02:41]} Bd4 {[%clk 00:33:50]}
{[%emt 00:01:38]} 44. Qf3 {[%clk 00:27:01]} {[%emt 00:01:35]} Rd6 {[%clk
00:30:50]} {[%emt 00:03:29]} 45. Re2 {[%clk 00:26:05]} {[%emt 00:01:27]} Qa7
{[%clk 00:30:40]} {[%emt 00:00:41]} 46. Qb3 {[%clk 00:24:11]} {[%emt 00:02:24]}
Rf6 {[%clk 00:27:30]} {[%emt 00:03:40]} 47. Qc4 {[%clk 00:21:38]} {[%emt
00:03:02]} Bb6 {[%clk 00:26:09]} {[%emt 00:01:51]} 48. Qb4 {[%emt 00:10:36]}
 1/2-1/2

[Event "2023 Welsh Championship"]
[Site "Cardiff"]
[Date "2023.04.10"]
[Round "7"]
[Board "7"]
[White "Jukes, Sam"]
[Black "Davis, Lee"]
[Result "1-0"]
[WhiteElo "1900"]
[BlackElo "1906"]
[PlyCount "0"]
[EventDate "2023.04.07"]
[EventRounds "7"]
[EventCountry "WLS"]

1. e4 {[%clk 01:30:57]} {[%emt 00:00:01]} c6 {[%clk 01:27:38]} {[%emt
00:03:23]} 2. d4 {[%clk 01:31:01]} {[%emt 00:00:26]} d5 {[%clk 01:28:03]}
{[%emt 00:00:05]} 3. Nc3 {[%clk 01:31:21]} {[%emt 00:00:11]} dxe4 {[%clk
01:28:28]} {[%emt 00:00:05]} 4. Nxe4 {[%clk 01:31:45]} {[%emt 00:00:06]} Bf5
{[%clk 01:28:56]} {[%emt 00:00:03]} 5. Ng3 {[%clk 01:32:08]} {[%emt 00:00:06]}
Bg6 {[%clk 01:29:22]} {[%emt 00:00:04]} 6. N1e2 {[%clk 01:32:31]} {[%emt
00:00:07]} e6 {[%clk 01:29:05]} {[%emt 00:00:47]} 7. h4 {[%clk 01:32:52]}
{[%emt 00:00:10]} h6 {[%clk 01:28:42]} {[%emt 00:00:53]} 8. Nf4 {[%clk
01:33:17]} {[%emt 00:00:05]} Bh7 {[%clk 01:29:06]} {[%emt 00:00:06]} 9. c3
{[%clk 01:33:34]} {[%emt 00:00:13]} Nf6 {[%clk 01:28:50]} {[%emt 00:00:46]} 10.
Qf3 {[%clk 01:29:58]} {[%emt 00:04:06]} Bd6 {[%clk 01:26:18]} {[%emt 00:03:03]}
11. Nfh5 {[%clk 01:22:24]} {[%emt 00:08:04]} Nxh5 {[%clk 01:25:36]} {[%emt
00:01:13]} 12. Nxh5 {[%clk 01:21:42]} {[%emt 00:01:12]} Rg8 {[%clk 01:25:39]}
{[%emt 00:00:27]} 13. Bxh6 {[%clk 01:20:12]} {[%emt 00:02:00]} Bf8 {[%clk
01:24:36]} {[%emt 00:01:33]} 14. Bc4 {[%clk 01:16:18]} {[%emt 00:04:24]} Nd7
{[%clk 01:25:03]} {[%emt 00:00:04]} 15. Bg5 {[%clk 01:14:54]} {[%emt 00:01:53]}
Be7 {[%clk 01:22:48]} {[%emt 00:02:45]} 16. Nf4 {[%clk 01:13:11]} {[%emt
00:02:13]} Bf6 {[%clk 01:20:21]} {[%emt 00:02:57]} 17. O-O-O {[%clk 01:03:31]}
{[%emt 00:10:09]} Qa5 {[%clk 01:15:01]} {[%emt 00:05:51]} 18. Nxe6 {[%clk
01:01:16]} {[%emt 00:02:45]} fxe6 {[%clk 01:14:50]} {[%emt 00:00:41]} 19. Qh5+
{[%clk 01:01:29]} {[%emt 00:00:16]} Ke7 {[%clk 01:14:24]} {[%emt 00:00:57]} 20.
Bxf6+ {[%clk 01:01:48]} {[%emt 00:00:11]}  1-0

[Event "2023 Welsh Championship"]
[Site "Cardiff"]
[Date "2023.04.10"]
[Round "7"]
[Board "8"]
[White "Rathbone-Jones, Ifan"]
[Black "Turner, Joseph David"]
[Result "0-1"]
[WhiteElo "1946"]
[BlackElo "1862"]
[PlyCount "0"]
[EventDate "2023.04.07"]
[EventRounds "7"]
[EventCountry "WLS"]

1. d4 {[%clk 01:30:32]} {[%emt 00:00:20]} Nf6 {[%clk 01:30:58]} {[%emt
00:00:08]} 2. g4 {[%clk 01:30:20]} {[%emt 00:00:43]} c5 {[%clk 01:30:10]}
{[%emt 00:01:17]} 3. g5 {[%clk 01:30:03]} {[%emt 00:00:47]} Ne4 {[%clk
01:30:26]} {[%emt 00:00:13]} 4. f3 {[%clk 01:28:50]} {[%emt 00:01:45]} Qa5+
{[%clk 01:27:12]} {[%emt 00:03:44]} 5. c3 {[%clk 01:27:17]} {[%emt 00:02:03]}
Nd6 {[%clk 01:27:03]} {[%emt 00:00:38]} 6. e4 {[%clk 01:26:34]} {[%emt
00:01:15]} cxd4 {[%clk 01:26:19]} {[%emt 00:01:14]} 7. b4 {[%clk 01:25:15]}
{[%emt 00:01:49]} Qb6 {[%clk 01:25:27]} {[%emt 00:01:22]} 8. Qxd4 {[%clk
01:22:39]} {[%emt 00:03:05]} Qxd4 {[%clk 01:25:01]} {[%emt 00:00:56]} 9. cxd4
{[%clk 01:23:05]} {[%emt 00:00:05]} Nc6 {[%clk 01:25:16]} {[%emt 00:00:14]} 10.
Bb2 {[%clk 01:21:35]} {[%emt 00:01:59]} Nxb4 {[%clk 01:24:27]} {[%emt
00:01:19]} 11. Kd2 {[%clk 01:20:22]} {[%emt 00:01:42]} b6 {[%clk 01:20:15]}
{[%emt 00:04:43]} 12. a3 {[%clk 01:18:31]} {[%emt 00:02:21]} Ba6 {[%clk
01:18:27]} {[%emt 00:02:19]} 13. Nh3 {[%clk 01:13:20]} {[%emt 00:05:41]} Bxf1
{[%clk 01:15:57]} {[%emt 00:03:00]} 14. Rxf1 {[%clk 01:13:44]} {[%emt
00:00:05]} Nc6 {[%clk 00:58:00]} {[%emt 00:18:27]} 15. Kd3 {[%clk 01:13:51]}
{[%emt 00:00:23]} e6 {[%clk 00:54:58]} {[%emt 00:03:32]} 16. Nd2 {[%clk
01:12:57]} {[%emt 00:01:24]} h6 {[%clk 00:53:49]} {[%emt 00:01:40]} 17. d5
{[%clk 01:03:53]} {[%emt 00:09:34]} hxg5 {[%clk 00:48:22]} {[%emt 00:05:56]} 18.
Nxg5 {[%clk 01:03:01]} {[%emt 00:01:22]} Na5 {[%clk 00:47:43]} {[%emt
00:01:09]} 19. e5 {[%clk 00:58:54]} {[%emt 00:04:39]} Nf5 {[%clk 00:46:19]}
{[%emt 00:01:53]} 20. d6 {[%clk 00:59:20]} {[%emt 00:00:05]} Rxh2 {[%clk
00:43:57]} {[%emt 00:02:51]} 21. Bc3 {[%clk 00:54:50]} {[%emt 00:05:00]} Rg2
{[%clk 00:36:47]} {[%emt 00:07:40]} 22. Nde4 {[%clk 00:52:48]} {[%emt
00:02:32]} Nb3 {[%clk 00:33:41]} {[%emt 00:03:35]} 23. Rab1 {[%clk 00:53:11]}
{[%emt 00:00:08]} Nc5+ {[%clk 00:33:46]} {[%emt 00:00:23]} 24. Nxc5 {[%clk
00:53:40]} {[%emt 00:00:04]} bxc5 {[%clk 00:31:09]} {[%emt 00:03:06]} 25. Ne4
{[%clk 00:54:05]} {[%emt 00:00:04]} c4+ {[%clk 00:31:09]} {[%emt 00:00:30]} 26.
Kxc4 {[%clk 00:54:27]} {[%emt 00:00:09]} Ne3+ {[%clk 00:31:22]} {[%emt
00:00:16]} 27. Kd3 {[%clk 00:54:43]} {[%emt 00:00:15]} Nxf1 {[%clk 00:31:30]}
{[%emt 00:00:22]} 28. Rxf1 {[%clk 00:55:10]} {[%emt 00:00:03]} Ra2 {[%clk
00:17:59]} {[%emt 00:14:02]} 29. Bb4 {[%clk 00:52:55]} {[%emt 00:02:45]} a5
{[%clk 00:17:38]} {[%emt 00:00:51]} 30. Bc5 {[%clk 00:53:10]} {[%emt 00:00:15]}
Rb8 {[%clk 00:17:02]} {[%emt 00:01:06]} 31. Nc3 {[%clk 00:53:06]} {[%emt
00:00:35]} Rh2 {[%clk 00:12:46]} {[%emt 00:04:45]} 32. Ne4 {[%clk 00:51:06]}
{[%emt 00:02:31]} Rb3+ {[%clk 00:09:16]} {[%emt 00:04:00]} 33. Kc4 {[%clk
00:51:29]} {[%emt 00:00:07]} a4 {[%clk 00:07:37]} {[%emt 00:02:08]} 34. Bb4
{[%clk 00:51:56]} {[%emt 00:00:03]} Rh4 {[%clk 00:05:07]} {[%emt 00:02:59]} 35.
f4 {[%clk 00:42:53]} {[%emt 00:09:34]} Re3 {[%clk 00:03:43]} {[%emt 00:01:51]}
36. Kd4 {[%clk 00:43:19]} {[%emt 00:00:06]} Rxe4+ {[%clk 00:02:34]} {[%emt
00:01:39]} 37. Kxe4 {[%clk 00:43:44]} {[%emt 00:00:05]} g5 {[%clk 00:02:39]}
{[%emt 00:00:24]} 38. Rc1 {[%clk 00:41:50]} {[%emt 00:02:25]} Rxf4+ {[%clk
00:02:52]} {[%emt 00:00:17]} 39. Ke3 {[%clk 00:42:17]} {[%emt 00:00:03]} f5
{[%clk 00:02:54]} {[%emt 00:00:28]} 40. Rc8+ {[%clk 00:37:13]} {[%emt
00:05:35]} Kf7 {[%clk 00:03:15]} {[%emt 00:00:08]} 41. Rd8 {[%clk 00:37:40]}
{[%emt 00:00:03]} Re4+ {[%clk 00:03:21]} {[%emt 00:00:23]} 42. Kf3 {[%clk
00:38:07]} {[%emt 00:00:04]} Rxe5 {[%clk 00:01:05]} {[%emt 00:02:46]} 43. Rxd7+
{[%clk 00:38:29]} {[%emt 00:00:08]} Ke8 {[%clk 00:20:47]} {[%emt 00:10:49]} 44.
Ra7 {[%clk 01:06:33]} {[%emt 00:02:24]} g4+ {[%clk 00:20:54]} {[%emt 00:00:24]}
45. Kf4 {[%clk 01:02:41]} {[%emt 00:04:22]} Re4+ {[%clk 00:20:07]} {[%emt
00:01:17]} 46. Kg3 {[%clk 00:58:40]} {[%emt 00:04:30]} Rxb4 {[%clk 00:18:51]}
{[%emt 00:01:47]} 47. d7+ {[%clk 00:59:06]} {[%emt 00:00:05]} Kd8 {[%clk
00:18:27]} {[%emt 00:00:53]} 48. axb4 {[%clk 00:59:18]} {[%emt 00:00:19]} Bxb4
{[%clk 00:18:09]} {[%emt 00:00:48]} 49. Kf4 {[%clk 00:57:41]} {[%emt 00:02:07]}
Bd6+ {[%clk 00:17:57]} {[%emt 00:00:42]} 50. Kg5 {[%clk 00:57:39]} {[%emt
00:00:32]} Be7+ {[%clk 00:17:30]} {[%emt 00:00:57]} 51. Kg6 {[%clk 00:58:05]}
{[%emt 00:00:05]} Bc5 {[%clk 00:14:25]} {[%emt 00:03:34]} 52. Rb7 {[%clk
00:58:18]} {[%emt 00:00:18]} Ke7 {[%clk 00:14:05]} {[%emt 00:00:50]} 53. Rc7
{[%clk 00:54:26]} {[%emt 00:04:23]} Bb6 {[%clk 00:13:48]} {[%emt 00:00:46]} 54.
Rc6 {[%clk 00:54:22]} {[%emt 00:00:33]} Bd8 {[%clk 00:14:06]} {[%emt 00:00:11]}
55. Ra6 {[%clk 00:54:36]} {[%emt 00:00:18]} Kxd7 {[%clk 00:12:43]} {[%emt
00:01:53]} 56. Rxa4 {[%clk 00:55:01]} {[%emt 00:00:05]} Bc7 {[%clk 00:11:52]}
{[%emt 00:01:20]} 57. Rd4+ {[%clk 00:54:22]} {[%emt 00:01:08]} Bd6 {[%clk
00:12:07]} {[%emt 00:00:15]} 58. Kg5 {[%clk 00:54:31]} {[%emt 00:00:21]} g3
{[%clk 00:12:19]} {[%emt 00:00:19]} 59. Rd2 {[%clk 00:54:54]} {[%emt 00:00:06]}
Kc6 {[%clk 00:09:54]} {[%emt 00:02:55]} 60. Rc2+ {[%clk 00:53:50]} {[%emt
00:01:34]} Kd5 {[%clk 00:06:34]} {[%emt 00:03:50]} 61. Rd2+ {[%clk 00:54:11]}
{[%emt 00:00:09]} Kc5 {[%clk 00:06:03]} {[%emt 00:01:02]} 62. Rc2+ {[%clk
00:54:36]} {[%emt 00:00:05]} Kb4 {[%clk 00:05:14]} {[%emt 00:01:18]} 63. Re2
{[%clk 00:54:49]} {[%emt 00:00:17]} f4 {[%clk 00:04:21]} {[%emt 00:01:22]} 64.
Rxe6 {[%clk 00:54:14]} {[%emt 00:01:06]} g2 {[%clk 00:03:59]} {[%emt 00:00:52]}
65. Rxd6 {[%clk 00:54:37]} {[%emt 00:00:08]} g1=Q+ {[%emt 00:00:07]} 66. Kxf4
{[%emt 00:00:11]} Qh2 {[%emt 00:00:04]} 67. Ke5 {[%emt 00:00:58]}  0-1

[Event "2023 Welsh Championship"]
[Site "Cardiff"]
[Date "2023.04.10"]
[Round "7"]
[Board "9"]
[White "Mckenna, Joshua"]
[Black "Smith, Lynda"]
[Result "0-1"]
[WhiteElo "1688"]
[BlackElo "1786"]
[PlyCount "0"]
[EventDate "2023.04.07"]
[EventRounds "7"]
[EventCountry "WLS"]

1. e4 {[%clk 01:30:57]} {[%emt 00:00:02]} c5 {[%clk 01:30:56]} {[%emt
00:00:04]} 2. Nf3 {[%clk 01:31:06]} {[%emt 00:00:22]} g6 {[%clk 01:31:22]}
{[%emt 00:00:04]} 3. c3 {[%clk 01:30:46]} {[%emt 00:00:50]} Bg7 {[%clk
01:31:40]} {[%emt 00:00:12]} 4. Bc4 {[%clk 01:30:29]} {[%emt 00:00:47]} e6
{[%clk 01:31:37]} {[%emt 00:00:34]} 5. d4 {[%clk 01:29:58]} {[%emt 00:01:00]}
cxd4 {[%clk 01:31:46]} {[%emt 00:00:22]} 6. cxd4 {[%clk 01:30:21]} {[%emt
00:00:07]} d5 {[%clk 01:31:59]} {[%emt 00:00:17]} 7. Bb5+ {[%clk 01:28:06]}
{[%emt 00:02:44]} Bd7 {[%clk 01:31:27]} {[%emt 00:01:04]} 8. Bxd7+ {[%clk
01:27:50]} {[%emt 00:00:45]} Qxd7 {[%clk 01:31:00]} {[%emt 00:00:57]} 9. e5
{[%clk 01:27:53]} {[%emt 00:00:27]} Nc6 {[%clk 01:31:02]} {[%emt 00:00:29]} 10.
O-O {[%clk 01:27:44]} {[%emt 00:00:39]} Nge7 {[%clk 01:30:55]} {[%emt
00:00:37]} 11. Bf4 {[%clk 01:24:40]} {[%emt 00:03:33]} O-O {[%clk 01:30:27]}
{[%emt 00:00:58]} 12. Nc3 {[%clk 01:20:32]} {[%emt 00:04:38]} h6 {[%clk
01:27:46]} {[%emt 00:03:11]} 13. h4 {[%clk 01:15:40]} {[%emt 00:05:22]} Kh7
{[%clk 01:23:46]} {[%emt 00:04:30]} 14. Re1 {[%clk 01:11:46]} {[%emt 00:04:24]}
Qd8 {[%clk 01:22:06]} {[%emt 00:02:10]} 15. a3 {[%clk 01:09:24]} {[%emt
00:02:52]} Nf5 {[%clk 01:21:35]} {[%emt 00:01:01]} 16. g3 {[%clk 01:07:51]}
{[%emt 00:02:03]} Rc8 {[%clk 01:20:51]} {[%emt 00:01:14]} 17. Qd2 {[%clk
01:06:27]} {[%emt 00:01:55]} Na5 {[%clk 01:19:45]} {[%emt 00:01:36]} 18. Rab1
{[%clk 01:04:24]} {[%emt 00:02:33]} Nc4 {[%clk 01:19:33]} {[%emt 00:00:42]} 19.
Qd3 {[%clk 01:00:22]} {[%emt 00:04:32]} Qa5 {[%clk 01:18:09]} {[%emt 00:01:55]}
20. Rec1 {[%clk 00:56:58]} {[%emt 00:03:53]} Rc6 {[%clk 01:13:51]} {[%emt
00:04:47]} 21. Nd2 {[%clk 00:54:42]} {[%emt 00:02:46]} Qb6 {[%clk 01:11:39]}
{[%emt 00:02:43]} 22. Na4 {[%clk 00:49:58]} {[%emt 00:05:14]} Qxd4 {[%clk
01:10:08]} {[%emt 00:02:01]} 23. Qxd4 {[%clk 00:46:03]} {[%emt 00:04:25]} Nxd4
{[%clk 01:10:29]} {[%emt 00:00:08]} 24. Nxc4 {[%clk 00:46:07]} {[%emt
00:00:27]} Rxc4 {[%clk 01:10:21]} {[%emt 00:00:38]} 25. Rxc4 {[%clk 00:44:40]}
{[%emt 00:01:57]} dxc4 {[%clk 01:10:26]} {[%emt 00:00:25]} 26. Nc3 {[%clk
00:44:17]} {[%emt 00:00:53]} Nf3+ {[%clk 01:09:28]} {[%emt 00:01:27]} 27. Kg2
{[%clk 00:43:12]} {[%emt 00:01:35]} Nxe5 {[%clk 01:09:38]} {[%emt 00:00:20]} 28.
Bd2 {[%clk 00:38:13]} {[%emt 00:05:29]} Rd8 {[%clk 01:08:28]} {[%emt 00:01:41]}
29. Be1 {[%clk 00:36:51]} {[%emt 00:01:52]} Nd3 {[%clk 01:08:00]} {[%emt
00:00:57]} 30. Bd2 {[%clk 00:35:05]} {[%emt 00:02:16]} a6 {[%clk 01:04:51]}
{[%emt 00:03:39]} 31. b3 {[%clk 00:31:35]} {[%emt 00:04:00]} Nc5 {[%clk
01:00:57]} {[%emt 00:04:25]} 32. Be3 {[%clk 00:30:05]} {[%emt 00:02:00]} Nxb3
{[%clk 01:00:31]} {[%emt 00:00:56]} 33. Ne2 {[%clk 00:30:06]} {[%emt 00:00:29]}
b5 {[%clk 00:59:54]} {[%emt 00:01:07]} 34. Bb6 {[%clk 00:28:58]} {[%emt
00:01:38]} Rd2 {[%clk 00:58:59]} {[%emt 00:01:23]} 35. Kf1 {[%clk 00:28:35]}
{[%emt 00:00:55]} Rd6 {[%clk 00:58:18]} {[%emt 00:01:11]} 36. Be3 {[%clk
00:28:51]} {[%emt 00:00:13]} Nd2+ {[%clk 00:58:10]} {[%emt 00:00:38]} 37. Bxd2
{[%clk 00:29:08]} {[%emt 00:00:14]} Rxd2 {[%clk 00:58:35]} {[%emt 00:00:05]} 38.
Ke1 {[%clk 00:28:02]} {[%emt 00:01:36]} Rd3 {[%clk 00:55:47]} {[%emt 00:03:18]}
39. a4 {[%clk 00:27:08]} {[%emt 00:01:24]} Rb3 {[%clk 00:53:25]} {[%emt
00:02:51]} 40. Rc1 {[%clk 00:26:27]} {[%emt 00:01:12]} Ra3 {[%clk 00:52:23]}
{[%emt 00:01:32]} 41. axb5 {[%clk 00:26:51]} {[%emt 00:00:06]} axb5 {[%clk
00:52:43]} {[%emt 00:00:10]} 42. Rb1 {[%clk 00:26:47]} {[%emt 00:00:34]} Ra1
{[%clk 00:52:40]} {[%emt 00:00:34]} 43. Rxa1 {[%clk 00:26:58]} {[%emt
00:00:19]} Bxa1 {[%clk 00:53:05]} {[%emt 00:00:04]}  0-1